00425nam a2200157Ia 4500008004100000020001200041040001900053041001200072082002700084100002100111245004500132260002900177300001900206650002100225850002100246131103s9999 xx 000 0 und d cRs.2.40 aLoreto College aEnglish a891.43/SHAbLCBED/7506 aSharama, Ragnath aHindi sahitya ka itihascRagnath Sharama aAgrabBinod pustakc1966 a232p. c 20cm. aHindi lItarature aLCBED/891.43/SHA